AK’s General Knowledge A-Z #39 - Statistics

General Stats
  • This quiz has been taken 505 times
  • The average score is 17 of 26
Answer Stats
Hint Answer % Correct
F – an admirer, or what the shit hits Fan
92%
B – Rambo movie First ____, or what is actually not blue even if you’re an aristocrat Blood
90%
Y – where you end up if you go southwest from Oman Yemen
90%
M – a rectangular arrangement of numbers, or Keanu Reeves movie The ______ Matrix
89%
U – country where The Last King of Scotland takes place Uganda
81%
L – black sweets flavoured with the extract of the roots of Glycyrrhiza glabra, or the evil Lord of Candy Land Licorice
80%
A – mobile operating system with over three billion monthly active users Android
78%
O – “Look to her, Moor, if thou hast eyes to see. She has deceived her father, and may thee.” (a play by Shakespeare) Othello
78%
S – is “ŝarko” in Esperanto, or the villain in Jaws Shark
78%
H – country that has the most densely populated island in the world Haiti
76%
K – a pothole formed by a glacier, or what the Brits put on when they fancy some tea Kettle
76%
T – boy king who is the first known malaria victim and whose gold mask is one of the world’s best-known works of art Tutankhamun
75%
J – Answer: “American TV game show that first aired in 1964.” Question: “What is _______?” Jeopardy!
74%
E – fictional Jane who fell in love with Mr Rochester, or Australia's largest lake Eyre
73%
C – …, Kennedy, Johnson, Nixon, Ford, ______, … Carter
70%
I – the most popular sport in Latvia Ice hockey
68%
N – Bill Bryson’s book A Short History of ______ Everything Nearly
63%
P – first name of the first child of Don José Ruiz y Blasco and María Picasso y López Pablo
63%
D – a tool used to remove material so as to create a hole Drill
61%
Q – rock band _____ of the Stone Age with hit “No One Knows” Queens
59%
W – “Yo, I'll tell you what I want, what I really, really want / So tell me what you want, what you really, really want …” Wannabe
56%
V – Canadian racing driver Jacques, winner of the 1997 Formula One World Championship Villeneuve
32%
R – cosmetics and beauty brand Yves ______, named after its founder, who died in 2009 Rocher
24%
G – A _____ ___ World, pop duo that performed “Say Something” Great Big
21%
X – an obsolete form of flash memory card, used in digital cameras made by Olympus and Fujifilm during the 2000s xD-Picture Card
13%
Z – Marvel superheroes Heinrich and Helmut who call themselves Baron Zemo
12%
No matching quizzes found
Score Distribution
Percent of People with Each Score
Percentile by Number Answered
Your Score History
You have not taken this quiz